The West Virginia archeologist /

Bibliographic Details
Corporate Author: West Virginia Archeological Society
Format: Journal
Language:English
Published: Morgantown, W. Va. : The Society, 1949-
Subjects:
Online Availability: Check for online availability

MARC

Tag First Indicator Second Indicator Subfields
LEADER 00000cas a2200000 a 4500
001 in00001804021
005 20151025210319.0
008 760216c19499999wvufr1p 0 a0eng d
010 |a sn 92000517  
012 |i 9504  |l 1 
019 |a 2663705  |a 2451559 
022 0 |a 0043-3209 
035 |a (OCoLC)ocm01995056 
037 |b West Virginia Archeological Society, P.O. Box 5323, Charleston, WV 25361-0323  |c $15.00 (institutions) 
040 |a CWR  |c CWR  |d IUL  |d OCL  |d NYS  |d OCL  |d NSD  |d WAU  |d OCLCQ  |d TXA  |d UtOrBLW 
042 |a nsdp  |a lcd 
043 |a n-us-wv 
049 |a TXAM 
082 1 0 |a 975  |2 12 
090 |a E78.W6  |b W62 
210 0 |a W. Va. archeol. 
222 0 |a West Virginia archeologist 
245 0 4 |a The West Virginia archeologist /  |c West Virginia Archeological Society. 
264 1 |a Morgantown, W. Va. :  |b The Society,  |c 1949- 
300 |a volumes :  |b illustrations ;  |c 22-29 cm. 
310 |a Semiannual 
336 |a text  |b txt  |2 rdacontent 
337 |a unmediated  |b n  |2 rdamedia 
338 |a volume  |b nc  |2 rdacarrier 
362 0 |a No. 1 (Apr. 1949)- 
500 |a Imprint varies. 
500 |a Latest issue consulted: Volume 43 (1 & 2) (spring & fall 1991). 
515 |a Some issues combined. 
515 |a Issues for Apr. 1949-spring 1983 called no. 1-35 (1); for fall 1983- called v. 35 (2)- 
555 |a No. 1-10, 1949-1958. 
650 0 |a Indians of North America  |z West Virginia  |v Periodicals. 
651 0 |a West Virginia  |x Antiquities  |v Periodicals. 
710 2 |a West Virginia Archeological Society. 
850 |a WaU 
994 |a E0  |b TXA 
999 |a MARS 
999 f f |s 180e207f-3b4b-3a3a-8064-3d32fa0c995d  |i 1b9cab5b-bc8c-3d4b-82b8-0183db786ef8  |t 0 
952 f f |p ric  |a Texas A&M University  |b Rellis Campus  |c Joint Library Facility  |d Remote Storage  |t 0  |e E78.W6 W62  |h Library of Congress classification  |i unmediated -- volume  |k no.12-15,17-18  |l 1960-1965:Dec.-Feb.,May-July:Index:1/10  |m A14831805503 
952 f f |p ric  |a Texas A&M University  |b Rellis Campus  |c Joint Library Facility  |d Remote Storage  |t 0  |e E78.W6 W62  |h Library of Congress classification  |i unmediated -- volume  |k v.44-45  |l 1992-1993  |m A14832882451 
952 f f |p ric  |a Texas A&M University  |b Rellis Campus  |c Joint Library Facility  |d Remote Storage  |t 0  |e E78.W6 W62  |h Library of Congress classification  |i unmediated -- volume  |k v.35-36  |l 1983-1984  |m A14832882338 
952 f f |p ric  |a Texas A&M University  |b Rellis Campus  |c Joint Library Facility  |d Remote Storage  |t 0  |e E78.W6 W62  |h Library of Congress classification  |i unmediated -- volume  |k v.37-38  |l 1985-1986  |m A14832882370 
952 f f |p ric  |a Texas A&M University  |b Rellis Campus  |c Joint Library Facility  |d Remote Storage  |t 0  |e E78.W6 W62  |h Library of Congress classification  |i unmediated -- volume  |k v.39-41  |l 1987-1989  |m A14832882419 
998 f f |a E78.W6 W62  |s v.44-45 (1992-1993)  |t 0  |l Remote Storage